00434nam a22001337a 450000500170000002000260001703700220004308200060006524500910007126000410016227000430020330000260024670000280027220120203111810.0 a9788125039204c295.00 bVirtuous Pub./Ven aS aHundred tamil folk and tribal tales /ctranslated and edited by Sujatha Vijayaraghavan aNew DelhibOrient Longmanc2012(Rep) a1/24 Asaf Ali Road,bNew Delhie110002 axxxi,291p,c22cm(pbk) aVijayaraghavan,Sujatha